| 000 | 00919nam a2200277Ia 4500 | ||
|---|---|---|---|
| 003 | OSt | ||
| 005 | 20221005091233.0 | ||
| 006 | a|||||r|||| 00| 0 | ||
| 007 | ta | ||
| 008 | 221004b |||||||| |||| 00| 0 eng d | ||
| 020 |
_a9780230303201 (pbk) _c1943.82 |
||
| 024 | _a25549 | ||
| 037 |
_b435, 18/03/2016, Kiran Book Service _cTextual |
||
| 040 |
_aCRL _cCRL _beng |
||
| 041 |
_2eng _aeng |
||
| 082 | _aO111,2:g, Q5 | ||
| 100 |
_aBrewer Mary F. Ed. _9615975 |
||
| 245 | 0 | _aModern and contemporary black british drama | |
| 260 |
_aNew York _bPalgarave Macmillan U.S.A. _c2015 |
||
| 300 |
_ax, 240p. _ccm. |
||
| 650 | _aENGLISH LITERATURE | ||
| 700 |
_a Goddard Lynette Ed. _9615976 |
||
| 700 |
_a Osborne Deirdre Ed. _9582645 |
||
| 942 |
_hO111,2:g, Q5 _cTEXL _2cc |
||
| 999 |
_c997026 _d997026 |
||